پيا ز کے چھلکے (Record no. 166058)

MARC details
000 -LEADER
fixed length control field 00738nam a22002297a 4500
005 - DATE AND TIME OF LATEST TRANSACTION
control field 20190711165506.0
010 ## - LCCN (DPL NO)
LC control number B-100379
020 ## - INTERNATIONAL STANDARD BOOK NUMBER
International Standard Book Number 818851019X
Terms of availability 140.00
035 ## - SYSTEM CONTROL NUMBER
System control number B-100379
037 ## - SOURCE OF ACQUISITION
Source of stock number/acquisition BPPD/Ven.
Stock number dpl
082 ## - DEWEY DECIMAL CLASSIFICATION NUMBER
Classification number 847
100 ## - MAIN ENTRY--PERSONAL NAME
Personal name فکر تو نسو ی
245 ## - TITLE STATEMENT
Title پيا ز کے چھلکے
Statement of responsibility, etc فکر تو نسو ی
Medium Urdu
246 ## - VARYING FORM OF TITLE
Title proper/short title Piyaz ke Chilke (Urdu)
Remainder of title byFikar Tonsvi
260 ## - PUBLICATION, DISTRIBUTION, ETC. (IMPRINT)
Place of publication, distribution, etc N.Delhi 110005
Name of publisher, distributor, etc Ahluwalia Book Depot
Date of publication, distribution, etc 2004
270 ## - ADDRESS
Address 9988,New Rohtak Road ,Sarai Rohilla,
300 ## - PHYSICAL DESCRIPTION
Extent 264ص
Dimensions 22cm(Hb)
490 ## - SERIES STATEMENT
Series statement Jaico illustrated classics series
942 ## - ADDED ENTRY ELEMENTS (KOHA)
Source of classification or shelving scheme Dewey Decimal Classification
Item type Urdu Bks
Call number suffix ف ک ر
Classification part 847
Holdings
Withdrawn status Lost status Not for loan Collection code Home library Current library Date acquired Source of acquisition Cost, normal purchase price Full call number Barcode Copy number Cost, replacement price Koha item type
    Ordered Non-fiction Central Library Central Library 11/07/2019 BPPD/Ven. 140.00 847 ف ک ر B-100379- 1 140.00 Urdu Bks

© Delhi Public Library
Hit Counter
free hit counter